Quizzes
Events
Quiz Creation
Community
Videos
Private Events
Remove Ads
Sign In
Join for FREE
Feedback
Dark Mode
Quiz Categories
Sports
Geography
Music
Movies
Television
Just For Fun
Miscellaneous
History
Literature
Language
Science
Gaming
Entertainment
Religion
Holiday
For Kids
Quiz Lab
Recent
Popular Today
Quiz Kudos Today
Editor Picks
Curator Picks
Quizzes by...
Day
Popularity
Type
Ratings
Length
Year
Community
Subscriptions
Recent Discussions
Orange Saloon
Badges
Playlists
Quests
Create
Leaderboards
Showdown
Live 5
Trivia Bingo
Activity
Puzzle Library
Sporcle Events
Private Events
Virtual Trivia
Globe League
Become a Host
Pub Owners
SporcleCon
Opinionation
Our Games
Videos
Blog
Mobile Apps
Partnerships
Remove Ads and Go Orange
Feedback
Holiday
Halloween
Christmas
Holiday Songs
April Fools'
Thanksgiving
Valentine's Day
Easter
St Patrick's Day
National Holiday
Religious Holiday
Holiday
Halloween
Christmas
Holiday Songs
April Fools'
Thanksgiving
Valentine's Day
Easter
St Patrick's Day
National Holiday
Religious Holiday
Random Quiz
Search Sporcle
×
Quiz Lab
Quiz Lab
Holiday
4th
Click on answers out of a set of options
Click on answers out of a set of options
Multiple Choice
Best Score? Go Orange.
4th of July spectacular Stats
Can you choose the answers to the 4th of July spectacular?
By
Awalsh16
7m
9 Questions
103 Plays
103 Plays
103 Plays
Comments
Comments
Give Quiz Kudos
Give Quiz Kudos
-
- Ratings
hide this ad
Random Order
Randomize order of answers
Randomize order of answers
Replay
Link that replays current quiz
Next Quiz
Link to next quiz in quiz playlist
You Got
0%
They Got
Avg Score
38%
Avg Friend Score
Upgrade to see
Score Distribution
Jump to the score distribution portion of the page
Score
0/9
Timer
07:00
0
Plays Today
Question
Answer
Wrong Answers
How many years has it been since July 4th, 1776?
242
72.8%
282
10.7%
236
9.7%
221
5.8%
How many people signed the Declaration of Independence?
56
51.5%
36
19.4%
65
11.7%
61
4.9%
How many hot dogs are consumed every 4th of July?
150 Million
42.7%
210 Million
24.3%
120 Million
8.7%
290 Million
24.3%
How many steps is it from the Statue of Liberty's lobby to its crown?
377
40.8%
441
20.4%
261
12.6%
329
15.5%
How many fireworks shells are shot off over the National Mall on July 4th?
6,500
35%
5,100
14.6%
5,900
20.4%
7,100
17.5%
How many bald eagles are found in North America?
70,000
30.1%
130,000
10.7%
55,000
30.1%
94,000
20.4%
How many states allow some or all types of consumer fireworks?
43
28.2%
39
18.4%
47
22.3%
35
26.2%
What percentage of Americans own an American flag?
65 Percent
21.4%
72 Percent
15.5%
59 Percent
26.2%
78 Percent
25.2%
What percentage of Americans prefer mustard on their hot dogs?
71 Precent
20.4%
66 Precent
15.5%
58 Precent
32%
75 Precent
20.4%
Quiz Playlist
Details
Report
Send in Message
Add To Playlist
Multiple Choice:
Click on answers out of a set of options
Random Order:
Randomize order of answers
Last Updated: Jul 3, 2018
Quiz Scoreboard
CHALLENGE
Sign Up to Join the Scoreboard
Show All
Scores
Hide
Comments
May contain spoilers
Recently Published
9x9 Crossword: Cartoon Network
by jackfrog10
Miscellaneous
3m
College Basketball Coaching Resumes
by pancakes188
Sports
9m
Billboard Blitz: Fleetwood Mac
by CooCooCachoo
Music
15s
More to Explore
Quiz From the Vault
Featured Blog Post
Where Did the Easter Bunny Come From?
hide this ad
You Might Also Like...
Tags
4th
July
spectacular
Today's Top Quizzes in Holiday
Browse Holiday
hide this ad
Today's Top Quizzes in 4th
Browse 4th
Top Contributed Quizzes in Holiday
1
5-to-1: Holiday Songs
2
5-to-1: Thanksgiving
3
Easter - Did You Know?
4
Word Ladder: Four Leaf Clover
5
Show What You Know: US Federal Holidays
6
3-per Word Ladder: Listen Up!
7
Slices of Holidays
8
Who Does Mariah Carey Want For Christmas?
9
A 50/50 Shot: Christmas Edition
10
Holidays Spelling Bee
Explore More
Trending Topics
Harry Potter
Marvel
Crossword
NBA
Kpop
Disney
Anime
WWE
Pokémon
Puzzle
The Office
Soccer
Song
NFL
Country
hide this ad
More By:
Awalsh16
Quiz
Plays
Rating
Category
Featured
Created
NBA Team Connections
504
3.50
Sports
Jul 22, 2017
Celtics 2021-2022 Roster By Face
377
5.00
Sports
Aug 12, 2021
2017 Cavs playoff roster
141
Sports
Jun 18, 2017
2017 Yankee players by their position and number
136
Sports
Jun 26, 2017
NBA Orlando Bubble 2020 Teams
118
3.00
Sports
Jul 16, 2020
Go to Creator's Profile
Score Distribution
Quiz Creator Spotlight
Awalsh16
Follow
Send a Message
Quizzes Created
-
Created Quiz Play Count
-
More By This Creator
Popular Quizzes Today
1
Find the US States - No Outlines Minefield
2
Find the Countries of Europe - No Outlines Minefield
3
The Countries of the World
4
Find the US States
5
Risky Map Clicking: Biggest States A-Z
6
US States
7
Popular People in 1961
8
Movies - When Are They Set?
More Holiday Quizzes
4th of July by Any Category
Published
Trending Quizzes
Risky Map Clicking: Least Populous States A-Z
1-10 Letter G Words
1-10 Letter F Words
Risky Map Clicking: Next State Alphabetically
Adjectives in 80s TV Shows
Recently Updated
Leaping Animals
pecheneg
Reality TV Shows (A-Z)
bhenderson79
Rickey Henderson's Hall of Fame Teammates
pecheneg
Champions League XIs: Arsenal
pecheneg
Quick Pick: Celebrities in WWE's Hall of Fame
aduchscher
A-Z Keypad Blitz II
pecheneg
Multiple Oscar Actors
pecheneg
Mystery Phrase Blitz: Oscar 'Best Actors'
pecheneg
F. Scott Fitzgerald Novels
LTH
Pick 3 Villains
ddd62291
Trending Topics
Anime
Crossword
NBA
Marvel
Harry Potter
Kpop
Disney
Pokémon
Song
Puzzle
NFL
WWE
The Office
Country
Soccer
Your Account Isn't Verified!
In order to create a playlist on Sporcle, you need to verify the email address you used during registration. Go to your
Sporcle Settings
to finish the process.
Report this User
Report this user for behavior that violates our
Community Guidelines
.
Details:
Send Report
Go to the Sporcle.com Mobile Site →
Comments